000 01480nam a2200373 c 4500
003 BLK
005 20230407030302.0
008 180412b bul|||||r ||||||| ||bul||
010 _aKNG00010220000
040 _aBLK
041 _aBUL
_cBUL
080 _aФолклор (в тесен смисъл)
_b398
_x(497.2)(09)
_z398(497.2)(09)
080 _aБългарска литература
_b821.163.2
_x
_z821.163.2
100 1 _aХолевич, Йорданка
_eпърви автор
_9253871
139 _aХолевич, Йорданка
_bХ 61
245 1 0 _aПроблеми на българската възрожденска култура
_bИзследване
_cЙорданка Холевич.
257 _aBGR
260 София
_bНаука и изкуство
_c1986
_fВраца : В. Александров
300 _a127 с.
_c22 см
380 _a3
650 4 _aНародно творчество, българско
_9245232
650 4 _aВъзраждане - България
_9243355
650 4 _aБългарска литература, възрожденска
_9242483
651 4 _aБългария
_9241624
653 _aвъзрожденска литература
653 _aкултура
653 _aБългария
653 _aизследвания
852 _aЦб 141752
856 4 _qpdf
_u
856 4 _qpdf
_u
942 _cKNG
_n0
944 _aCR
_c06.12.2016
_kХристина_Везирева
944 _aED
_c09.02.2018
_kТеодора_Стоянова
999 _c8835
_d8835